| 000 | 00458nam a22001697a 4500 | ||
|---|---|---|---|
| 003 | CEME | ||
| 005 | 20210628202807.0 | ||
| 008 | 210125b xxu||||| |||| 00| 0 eng d | ||
| 020 | _a0-521-67041-1 | ||
| 040 | _c. | ||
| 082 | _a005.82 GOL | ||
| 100 |
_aGoldreich, Oded _961657 |
||
| 245 | _aFoundations of cryptography basic applications vol 2 | ||
| 260 |
_aNEW YORK _bCAMBRIDGE UNIVERSITY PRESS _c2005 |
||
| 650 |
_aCRYPTOGRAPHY _919736 |
||
| 942 |
_cBK _2ddc |
||
| 999 |
_c571038 _d571038 |
||